Bankovnictví 1 : Učebnice

Gespeichert in:
Bibliographische Detailangaben
1. Verfasser: Šenkýřová, Bohuslava (Verfasst von)
Format: Buch
Sprache:Tschechisch
Veröffentlicht: Praha : Grada, 1997
Ausgabe:1.
Schlagworte:
Tags: Tag hinzufügen
Keine Tags, Fügen Sie das erste Tag hinzu!

MARC

LEADER 00000nam a22000003a 4500
001 stu55299
005 20150617225655.9
008 001016s1997----xr------------------cze-d
020 |a 80-7169-464-9 
040 |a STU  |b slo 
041 0 |a cze 
044 |a xr 
080 |a 336.71(075) 
100 1 |a Šenkýřová, Bohuslava  |4 aut 
245 1 |a Bankovnictví 1 :  |b Učebnice 
250 |a 1. 
260 |a Praha :  |b Grada,  |c 1997 
300 |a 262 s 
650 7 |a bankovníctvo  |2 stusub 
996 |b 284M034202  |c M*10048/1-1  |l MMST  |s A  |a 24  |w stu55299_0001 
996 |b 284M024752  |c M*10048/1-2  |l MMKN  |s A  |a 24  |w stu55299_0002 
996 |b 284M024753  |c M*10048/1-3  |l MMKN  |s A  |a 24  |w stu55299_0003 
996 |b 284M024754  |c M*10048/1-4  |l MMKN  |s A  |a 24  |w stu55299_0004 
996 |b 284M024755  |c M*10048/1-5  |l MMKN  |s A  |a 24  |w stu55299_0005